Visualizzazione normale
Vista MARC
- Brooker C.
di Personal Name
Records bibliografici associati: 1
001 - CONTROL NUMBER
- control field: 12879
003 - CONTROL NUMBER IDENTIFIER
- control field: IT-RoPau
005 - DATE AND TIME OF LATEST TRANSACTION
- control field: 20140211164900.0
008 - FIXED-LENGTH DATA ELEMENTS
- fixed length control field: 140211|| aca||aabn | a|a d
040 ## - CATALOGING SOURCE
- Original cataloging agency: IT-RoPau
- Transcribing agency: IT-RoPau
100 ## - HEADING--PERSONAL NAME
- Personal name: Brooker C.
- Miscellaneous information: Codice autore musica SPICS: 14427
- Name of part/section of a work: Senza luce (A Whiter Shade of Pale)
- Relator term: Autore musica
670 ## - SOURCE DATA FOUND
- Source citation: Work cat.: (IT-RoPau)99983: AA.VV. 794, Grandi successi di Fausto Leali (I)